| 000 | 00642nam a2200181Ia 4500 | ||
|---|---|---|---|
| 003 | GCL | ||
| 008 | 140319s9999 xx 000 0 ara d | ||
| 040 |
_aGCL / _cGCL |
||
| 082 | 0 | 4 |
_a813.01 _bا س |
| 100 | 1 | _aاميل حبيبى | |
| 245 | 1 | 0 |
_aسداسية الايام السته : الوقائع الغريبة فى اختفاء سعيد ابى النحس المتشائل وقصص اخرى (هديه من الآديب عبدالفتاح الجمل) / _cاميل حبيبى |
| 300 | _a239 | ||
| 490 |
_a100 قصة _v0 |
||
| 650 | 0 | 4 | _aالادب العربى |
| 650 | 0 | 4 | _aالقصص |
| 650 | 0 | 4 | _aالمجموعات |
| 942 |
_2ddc _cBK |
||
| 999 |
_c43804 _d43804 |
||